Statistics for Most Populous City By Continent

Click here to take the quiz!

General Stats

  • This quiz has been taken 40 times
    (37 since last reset)
  • The average score is 4 of 6

Answer Stats

ContinentCity% Correct
South AmericaSao Paulo
97%
North AmericaMexico City
90%
AfricaCairo
86%
OceaniaSydney
86%
EuropeIstanbul
72%
AsiaGuangzhou-Shenzen
0%

Score Distribution

Percentile by Number Answered

Percent of People with Each Score

Your Score History

You have not taken this quiz since the last reset